Alcance y métodos de la negociación colectiva en la industría del hierro y del acero
Saved in:
| Institution som forfatter: | |
|---|---|
| Format: | Bog |
| Sprog: | spansk |
| Udgivet: |
Ginebra
Oficina Internacional del Trabajo
1964
|
| Serier: | Relaciones de trabajo, 21
|
| Fag: | |
| Tags: |
Tilføj Tag
Ingen Tags, Vær først til at tagge denne postø!
|
MARC
| LEADER | 00000nam a2200000 a 4500 | ||
|---|---|---|---|
| 001 | UCS2748 | ||
| 003 | CL-VaPUC | ||
| 008 | 970606e19640000SZ |||||||||||||||||spa|d | ||
| 082 | 0 | 4 | |a 344.01 |b OIT |2 21 |
| 110 | 2 | |a OIT |e author |9 388532 | |
| 245 | 1 | 0 | |a Alcance y métodos de la negociación colectiva en la industría del hierro y del acero |
| 300 | |a 135 p | ||
| 942 | |c BK | ||
| 945 | |d 19970606 00:00:00 |a lriquelm | ||
| 260 | |a Ginebra |b Oficina Internacional del Trabajo |c 1964 | ||
| 500 | |a Informe sometido a la Comisión del Hierro y del Acero y detalle de los trabajos de la 7a. reunión. cardiff, 26 de Agosto - 6 de Septiembre de 1963 | ||
| 650 | 0 | |a Negociación colectiva |9 312433 | |
| 650 | 0 | |a Informes |9 334810 | |
| 650 | 7 | |a PRODUCCION DE HIERRO Y ACERO |2 CL-VaPUC |9 388533 | |
| 583 | |a last modification |c 19970606 00:00:00 |k Rodrigo Vera | ||
| 490 | 0 | |a Relaciones de trabajo, 21 | |
| 999 | |c 260686 |d 260684 | ||
| 952 | |0 0 |1 0 |4 0 |6 344_010000000000000_OIT_1964 |7 0 |8 A |9 286969 |a BIBDER |b BIBDER |d 2019-11-19 |i 1863800 |o 344.01 OIT 1964 |p 1863800 |r 2019-11-19 |w 2019-11-19 |y BK |k DER | ||